000 00359nam a22001577a 4500
003 MPLRDC
005 20220104124102.0
008 210129b ||||| |||| 00| 0 eng d
082 _a868.8 YZ-2
100 _a姚紫
245 _a新加坡传奇
_c
260 _a
_b陈龙玉
_c1985
300 _b
650 _a新加坡文学
942 _cBK
_o868.8 YZ-2
999 _c16528
_d16518